| 000 | 00940nam a2200301Ia 4500 | ||
|---|---|---|---|
| 001 | Para_9416 | ||
| 003 | CHAP | ||
| 008 | 220125s2001 xx 000 0 und d | ||
| 010 | _a208113 | ||
| 040 | _cCHAP | ||
| 082 | _a632.96 P7 | ||
| 100 |
_aCaballero, Primitivo (ed.) _9174503 |
||
| 245 |
_aLos baculovirus y sus aplicaciones como bioinsecticidas en el control biológico de plagas / _c edit. por Primitivo Caballero, Trevor Williams y Miguel López-Ferber |
||
| 260 |
_aValencia, España : _b Phytoma |
||
| 300 | _a518 p. | ||
| 650 |
_aBaculovirus _9174504 |
||
| 650 |
_aBioinsecticidas _9174505 |
||
| 650 |
_aControl biológico de plagas _927587 |
||
| 700 |
_aLópez _xFerber Miguel _9164225 |
||
| 700 |
_aWilliams Trevor _9122108 |
||
| 901 | _a632.96 P7 | ||
| 902 | _aM | ||
| 905 | _a0000002001 amn 0000000000 00 | ||
| 910 | _a2001 | ||
| 942 | _cPARA | ||
| 942 |
_cPARA _d1 |
||
| 999 |
_c208113 _d208113 |
||